01115pam a2200337 a 45000010005000000030006000050050017000110080041000280100017000690200021000860200021001070200026001280200026001540350012001800400029001920500025002210820009002461000022002552450086002772600039003633000058004025050007004605200074004675210028005415210019005696500021005886500032006096500022006416550076006637000038007399147FISKH20251126084359.0940511s1994 njua j 000 1 eng  a 94020116  a0816735956qhbk. a0816734259qpbk. a9780816735952q(hbk.) a9780816734252q(pbk.) a3486942 aDLCcDLCdDLCbេនង00aPZ8.3.K1268bBi 1994 a 5541 aKarnovsky, Susan.10aBilly and the magic string /cby Susan Karnovsky ; illustrated by Chris Demarest. aMahwah :bTroll Associates,c1994. a21 unnumbered pages : bcolor illustrations ; c21 cm aH  aBilly finds a magic string and together they share some exciting fun.8 a430 bLexile estimate 8 aH bRaz-Plus  1aStringvFiction. 1aAfrican AmericansvFiction. 1aStories in rhyme. 7aFiction.2lcgft0https://id.loc.gov/authorities/genreForms/gf20140263391 aDemarest, Chris L.,eillustrator